Podnikatelia si myslia, že postoj vlády a verejnosti k podnikaniu je negatívny Z výsledkov prieskumu dynamických podnikov na Slovensku

Stručná informácia o jednom z výstupov projektu Dynamickí podnikatelia (v krajinách strednej Európy) - štúdie spracúvajúcej aj odpovede 163 podnikateľov slovenských firiem. Projekt realizujú v spolupráci European Foundation for Entrepreneurship Research (EFER), European Venture Capital Association,...

Full description

Saved in:
Bibliographic Details
Main Author: Lechnický, Milan
Format: Book Chapter
Language:Slovak
Subjects:
Tags: Add Tag
No Tags, Be the first to tag this record!

MARC

LEADER 00000naa a2200000 4500
001 r023921
005 20221205091239.1
041 0 |a slo 
044 |a SK 
245 1 0 |a Podnikatelia si myslia, že postoj vlády a verejnosti k podnikaniu je negatívny  |b Z výsledkov prieskumu dynamických podnikov na Slovensku  |c M. Lechnický 
520 |a Stručná informácia o jednom z výstupov projektu Dynamickí podnikatelia (v krajinách strednej Európy) - štúdie spracúvajúcej aj odpovede 163 podnikateľov slovenských firiem. Projekt realizujú v spolupráci European Foundation for Entrepreneurship Research (EFER), European Venture Capital Association, program EÚ Phare a City University Bratislava. Priaznivé hodnotenie slovenských podnikateľov, kritériá a ich úloha v rozvoji Slovenska, nepriaznivé hodnotenie podnikateľského prostredia (zlá legislatíva, vysoké dane, nerozvinuté kapitálové trhy, zlý imidž súkromného podnikania). 
610 2 0 |a podnikanie 
610 2 0 |a podnikatelia 
610 2 0 |a prostredie podnikateľské 
610 2 0 |a Slovensko 
610 2 0 |a zisťovanie výberové 
610 2 0 |a dotazníky 
610 2 0 |a EFER 
610 2 0 |a EVCA 
610 2 0 |a PHARE 
610 2 0 |a City University Bratislava 
610 2 0 |a projekty 
610 2 0 |a kapitál 
100 1 |a Lechnický, Milan